01040nam a22002657a 4500003000900000005001700009007000300026008004100029040002500070082001400095100002600109245016300135260004100298300002600339590002700365700003800392700005200430700005100482700004500533700004300578910001400621942001300635952010900648999001700757DO-SdBNP20221018124140.0ta110301s19uu dr c 000 0 spa d aDO-SdBNPbspacBNPHU axxxxbxxx1 aIkeda, Daisaku95301810aDiálogo con la naturaleza /cDaisaku Ikeda ; presentación Joaquín Balaguer, Rafael Antonio Suberví Bonilla, José Andrés Aybar Sánchez....[et.al] a[Santo Domingo] :b[s.d.],c[19--]?. a27 p. :bfot.c28 cm. aInventariado, 2022/ YL12aBalaguer, Joaquínepres.98143712aSuberví Bonilla, Rafael Antonioepres.98253212aAybar Sánchez, José Andrésepres.91878612aSantana Sánchez, Robertoepres.93688212aBergés Febles, Robertoepres.982533 aYLockward 2ddccLF2 00102ddc51708PD-FaBNPHUbBNPHUcCTd2022-10-18l0oxxxx xxxp2022-4372r2022-10-18w2022-10-18yLF2 c52564d52564